Documentación del Monasterio de Santo Domingo de Silos : (Record n. 21389)

Dettagli MARC
000 -LEADER
fixed length control field 01143nam a2200289 i 4500
003 - CONTROL NUMBER IDENTIFIER
control field IT-RoINE
005 - DATE AND TIME OF LATEST TRANSACTION
control field 20240603125106.0
008 - FIXED-LENGTH DATA ELEMENTS--GENERAL INFORMATION
fixed length control field 000818s1988 sp bd |r 000|||mul|d
020 ## - INTERNATIONAL STANDARD BOOK NUMBER
International Standard Book Number 848637118X
040 ## - CATALOGING SOURCE
Original cataloging agency USA.SABUS
Modifying agency UPSA
-- IT-RoINE
Transcribing agency esslup IT-RoINE
041 0# - LANGUAGE CODE
Language code of text/sound track or separate title lat
-- spa
245 10 - TITLE STATEMENT
Title Documentación del Monasterio de Santo Domingo de Silos :
Remainder of title (954-1254) /
Statement of responsibility, etc Miguel C. Vivancos Gómez.
260 ## - PUBLICATION, DISTRIBUTION, ETC. (IMPRINT)
Place of publication, distribution, etc Burgos :
Name of publisher, distributor, etc J. M. Garrido Garrido,
Date of publication, distribution, etc D.L. 1988.
300 ## - PHYSICAL DESCRIPTION
Extent XCV, 251 p., [2] h. de lám. pleg. :
Other physical details mapas, cuad. ;
Dimensions 24 cm.
336 ## - CONTENT TYPE
Source rdacontent
Content type term text
337 ## - MEDIA TYPE
Source rdamedia
Media type term unmediated
338 ## - CARRIER TYPE
Source rdacarrier
Carrier type term volume
490 1# - SERIES STATEMENT
Series statement Fuentes medievales castellano-leonesas ;
Volume number/sequential designation 50
490 0# - SERIES STATEMENT
Series statement Fuentes medievales castellano-leonesas.
-- Serie burgalesa
504 ## - BIBLIOGRAPHY, ETC. NOTE
Bibliography, etc Bibliografía: p. [XVII]-XX.
546 ## - LANGUAGE NOTE
Language note Textos en español y latín.
610 20 - SUBJECT ADDED ENTRY--CORPORATE NAME
Corporate name or jurisdiction name as entry element Abadía de Silos (España)
General subdivision Historia
-- Fuentes
9 (RLIN) 41960
651 #4 - SUBJECT ADDED ENTRY--GEOGRAPHIC NAME
9 (RLIN) 30319
Geographic name Castilla (Reino)
General subdivision Historia
-- Fuentes
700 1# - ADDED ENTRY--PERSONAL NAME
Personal name Vivancos Gómez, Miguel C.,
9 (RLIN) 28602
Titles and other words associated with a name O.S.B.,
Dates associated with a name 1958-
830 #0 - SERIES ADDED ENTRY--UNIFORM TITLE
9 (RLIN) 41843
Uniform title Fuentes Medievales Castellano-Leonesas ;
Volume number/sequential designation 50
942 ## - ADDED ENTRY ELEMENTS (KOHA)
Item type Monografías
Dati di copia
Withdrawn status Lost status Damaged status Not for loan Home library Current library Date acquired Total Checkouts Full call number Barcode Date last seen Price effective from Koha item type
        Iglesia Nacional Española en Roma Iglesia Nacional Española en Roma 15/11/2017   COL.B 31.50 46050 15/11/2017 15/11/2017 Monografías